| 000 | 01253cam a2200397 i 4500 | ||
|---|---|---|---|
| 001 | 59261 | ||
| 003 | CO-BoRNBP | ||
| 005 | 20250926144029.0 | ||
| 007 | ta | ||
| 008 | 881215s1987 sp spa | ||
| 017 |
_aM 3027-1987 _bOficina Depósito Legal Madrid |
||
| 020 | _a8475670520 | ||
| 020 | _a8470800698 | ||
| 040 |
_aSpMaBN _bspa _cSpMaBN _erdc |
||
| 080 | _a860-32"15" | ||
| 084 | _aN CER | ||
| 100 | 1 |
_aCervantes Saavedra, Miguel de _d1547-1616 _92401 |
|
| 240 | 1 | 3 | _aLa gitanilla |
| 245 | 1 | 3 |
_aLa gitanilla/ _cMiguel de Cervantes Saavedra |
| 250 | _aPrimera edición | ||
| 264 | _c1980 | ||
| 300 |
_a125 p. _c18 cm |
||
| 336 |
_2rdacontent _atexto _btxt |
||
| 337 |
_2rdamedia _asin mediación _bn |
||
| 338 |
_2rdacarrier _avolumen _bnc |
||
| 490 | 1 |
_aLiteratura universal _v52 |
|
| 504 | _aBibliografía: p. 33-37 | ||
| 650 | _2LEMB | ||
| 830 | 0 |
_aLiteratura universal (Ediciones y Distribuciones Alba) _v52 _965109 |
|
| 901 | _aAUTOR CERVANTES | ||
| 942 |
_2ddc _cBK |
||
| 956 | _a1 2 | ||
| 980 |
_aM 3027-1987 _aSpMaBN _bBNALCALA _jAHM/72342 _cSG_PETANTI |
||
| 980 |
_aM 3027-1987 _a84-7567-052-0 _aSpMaBN _bBNALCALA _jDL/352264 _cCONSERVACI |
||
| 980 |
_aM 3027-1987 _a84-7567-052-0 _aSpMaBN _bBNMADRID _jVC/18003/8 _cSG_RECOLET |
||
| 999 |
_c59261 _d59261 |
||